Diario de las Cortes estraordinarias[sic] : sesión del día 14 de Enero de 1822 sesión del día 14 de Enero de 1822
Descripción Física:
46 p. ; 22 cm
MARC
| LEADER | 00000nam a2200000Ia 4500 | ||
|---|---|---|---|
| 001 | 22555 | ||
| 008 | 160829s1822 xx 000 0 cat d | ||
| 080 | |a RF-15-96 | ||
| 245 | |a Diario de las Cortes estraordinarias[sic] : |b sesión del día 14 de Enero de 1822 | ||
| 260 | |a Madrid : |b Imprenta de Albán y Compañía, |c 1822 | ||
| 300 | |a 46 p. ; |c 22 cm | ||
| 590 | |a Correspon al núm. 14. | ||
| 590 | |a Prové de 20, exp. 1. | ||
| 590 | |a En molt mal estat de conservació | ||
| 610 | 0 | |a Espanya. |x Política i govern |9 9716 | |
| 650 | |a Legislació |x Espanya |9 37370 | ||
| 856 | 4 | |u https://media.diba.cat/diba/fitxers/arxiu/fulletons/bib_22555_1822_baixa.pdf |y Accés lliure | |
| 856 | 4 | |u https://media.diba.cat/diba/fitxers/arxiu/fulletons/bib_22555_1822_baixa.pdf |y Accés lliure | |
| 901 | |a Arxiu | ||
| 942 | |n 1 |2 udc | ||
| 952 | |0 0 |1 0 |4 0 |6 RF1596 |7 1 |9 53904 |a Arxiu |b Arxiu |d 2016-12-01 |l 0 |o RF-15-96 |p 22555 |r 2016-12-01 00:00:00 |w 2016-12-01 |y ARXIU | ||
| 999 | |c 57771 |d 57771 | ||
| 900 | |a bib_22555_1822_baixa.pdf | ||